54 Tools and Techniques for Business Excellence (Record no. 84186)

MARC details
000 -LEADER
fixed length control field 00517nam a2200193Ia 4500
008 - FIXED-LENGTH DATA ELEMENTS--GENERAL INFORMATION
fixed length control field 230125s9999 xx 000 0 und d
020 ## - INTERNATIONAL STANDARD BOOK NUMBER
International Standard Book Number 978-93-80032-69-6
041 ## - LANGUAGE CODE
Language code of text/sound track or separate title eng
082 ## - DEWEY DECIMAL CLASSIFICATION NUMBER
Classification number 658
Item number WAS
100 ## - MAIN ENTRY--PERSONAL NAME
Personal name Wash M
9 (RLIN) 106684
245 ## - TITLE STATEMENT
Title 54 Tools and Techniques for Business Excellence
260 ## - PUBLICATION, DISTRIBUTION, ETC. (IMPRINT)
Date of publication, distribution, etc. 2010
Name of publisher, distributor, etc. Westland Publications
Place of publication, distribution, etc. New Delhi
300 ## - PHYSICAL DESCRIPTION
Extent 266p
500 ## - GENERAL NOTE
Keywords General Management
650 ## - SUBJECT ADDED ENTRY--TOPICAL TERM
Topical term or geographic name as entry element Management
9 (RLIN) 106685
700 ## - ADDED ENTRY--PERSONAL NAME
Personal name Wash M
9 (RLIN) 106684
906 ## - LOCAL DATA ELEMENT F, LDF (RLIN)
b 62
Holdings
Withdrawn status Lost status Damaged status Not for loan Home library Current library Date acquired Vendor Cost, normal purchase price Bill number Total Checkouts Full call number Barcode Date last seen Cost, replacement price Bill Date Koha item type Original Barcode
        Smt. Hiraben Nanavati Institute of Management & Research for Women Smt. Hiraben Nanavati Institute of Management & Research for Women 24/11/2011 Varma Book Distributor 250.00 1111200392   658 WAS B10788 HIMR-BK-10788 25/01/2023 188.00 06/09/2011 Books B10788